|
|
|
|
| LEADER |
00000nam0a2200000 4500 |
| 001 |
353446 |
| 005 |
20231102010608.0 |
| 035 |
|
|
|a (RuTPU)RU\TPU\retro\10703
|
| 090 |
|
|
|a 353446
|
| 100 |
|
|
|a 20200429d1943 m y0rusy50 ca
|
| 101 |
0 |
|
|a rus
|
| 102 |
|
|
|a RU
|
| 105 |
|
|
|a y z 000zy
|
| 200 |
1 |
|
|a Трудовое устройство инвалидов Отечественной войны
|f П. П. Вержбиловский
|
| 210 |
|
|
|a Москва
|c Профиздат
|d 1943
|
| 215 |
|
|
|a 32 с.
|
| 300 |
|
|
|a Подписано к печати 2/VIII 1943 г.
|
| 606 |
1 |
|
|a Трудовое право
|y Россия
|2 stltpush
|3 (RuTPU)RU\TPU\subj\61983
|9 79144
|
| 606 |
1 |
|
|a Инвалиды
|x Трудоустройство
|2 stltpush
|3 (RuTPU)RU\TPU\subj\36161
|9 57635
|
| 610 |
1 |
|
|a Великая Отечественная война 1941-1945
|
| 610 |
1 |
|
|a социальная ответственность
|
| 610 |
1 |
|
|a пенсии по инвалидности
|
| 610 |
1 |
|
|a льготы
|
| 610 |
1 |
|
|a лечение
|
| 610 |
1 |
|
|a обучение
|
| 610 |
1 |
|
|a артели
|
| 610 |
1 |
|
|a постановления
|
| 610 |
1 |
|
|a коллекция: 1941-1945 гг.
|
| 686 |
|
|
|a Х627
|v LBC/SL-A
|2 rubbk
|
| 686 |
|
|
|a У9(2)272.24
|2 rubbk
|
| 700 |
|
1 |
|a Вержбиловский
|b П. П.
|g Петр Петрович
|
| 801 |
|
1 |
|a RU
|b 63413507
|c 20200429
|
| 942 |
|
|
|c BK
|